000
00290nam a2200133Ia 4500
100
_a
Clauser/H.R
942
_c
RB
654
_a
Engg. MAterials
245
_a
Industrial & Engg. Materials
260
_b
McGraw Hill
_a
NEWYORK
_c
1975
082
_a
620.11
300
_a
440
546
_a
ENGLISH
999
_c
29251
_d
29251